000 00589nam a2200229Ia 4500
003 OSt
005 20220926041107.0
006 a|||||r|||| 00| 0
007 ta
008 220923b |||||||| |||| 00| 0 eng d
037 _cGeneral Book
040 _aRTL
_cRTL
_beng
041 _2eng
_aeng
082 _aB28, K8
100 _aFinney D J
_9341762
245 0 _aStatistics for mathematicians
_b An introduction
260 _c1968
300 _axi,213p.
_ccm.
650 _aStatistics
_935791
942 _hB28, K8
_cGB
_2CC
999 _c666359
_d666359